000 00840nac a22002657a 4500
001 BR9101572
003 BR-BrBNA
005 20240105121149.0
008 230509b bl.|||m| |||| 00| 0 por d
040 _aBR-BrBNA
_bpor
_cBiblioteca Nacional de Agricultura
072 _aF01
090 _a0311 BR9101572
100 1 _aFontes, H.R.
110 1 _aCentro Nacional de Pesquisa de Coco, Aracaju, SE (Brasil)
_91760
245 1 _aEfeito de sistemas de manejo sobre o desenvolvimento de coqueiros jovens
260 3 _aAracaju, SE (Brasil):
_c1991.
300 _a6 p.
490 _aComunicado Tecnico - Centro Nacional de Pesquisa de Coco (Brazil)
_vno. 31
_xISSN 0102-9967
650 _aCOCO
650 _aPLANTIO
650 _aSEMENTE
650 _aMUDA
909 _a202312
_bLúcia Elande
_c55
_dLúcia Elande
942 _2AGRIS
_n0
_cMS
999 _c283684
_d283684